| 000 | 00392 a2200169 4500 | ||
|---|---|---|---|
| 001 | 56538 | ||
| 020 | _a978822626740 | ||
| 040 | _cAnchieta - Pituba | ||
| 100 | _aDel Fuego, Andréa | ||
| 240 | 1 | 0 |
_aSociedade da caveira de cristal _lpor |
| 245 | 1 | 0 | _aSociedade da caveira de cristal |
| 300 | _a183 | ||
| 362 | 0 | _a2007 | |
| 440 | 1 | _aScipione | |
| 650 | 4 | _aLiteratura juvenil | |
| 942 | _cBK | ||
| 999 |
_c56538 _d56538 |
||